1M+ cities of the world by letter - B - Statistics

General Stats
  • This quiz has been taken 3,592 times
    1,698 since last reset
  • The average score is 31 of 50
Answer Stats
Country Population City % Correct
Thailand 21.20 mil Bangkok
99%
China 21.20 mil Beijing
99%
Iraq 7.65 mil Baghdad
98%
Germany 4.85 mil Berlin
98%
Colombia 10.40 mil Bogotá
98%
Argentina 16.70 mil Buenos Aires
98%
Brazil 3.97 mil Brasília
96%
Hungary 2.50 mil Budapest
96%
Spain 4.87 mil Barcelona
95%
United States 7.70 mil Boston
95%
Belgium 2.75 mil Brussels
95%
Romania 2.20 mil Bucharest
95%
United Kingdom 3.25 mil Birmingham
94%
Australia 3.35 mil Brisbane
94%
Lebanon 1.90 mil Beirut
93%
Azerbaijan 3.67 mil Baku
92%
Serbia 1.43 mil Belgrade
89%
India 14.20 mil Bengaluru
87%
South Korea 4.00 mil Busan
87%
Mali 5.45 mil Bamako
86%
Brazil 4.92 mil Belo Horizonte
85%
Rep. of Congo 2.40 mil Brazzaville
83%
Kyrgyzstan 1.50 mil Bishkek
81%
France 1.14 mil Bordeaux
76%
Central African Republic 1.62 mil Bangui
73%
Gambia 1.12 mil Banjul
72%
Indonesia 6.95mil Bandung
69%
Colombia 2.32 mil Barranquilla
67%
Germany 1.00 mil Bremen
60%
Brazil 2.02 mil Belém
57%
Iraq 1.67 mil Basra
56%
Turkey 2.17 mil Bursa
54%
India 2.67 mil Bhopal
45%
Nigeria 1.75 mil Benin City
42%
United States 1.41 mil Buffalo
34%
Colombia 1.35 mil Bucaramanga
29%
Venezuela 1.35 mil Barquisimeto
27%
India 3.27 mil Bhilai
27%
Angola 1.39 mil Benguela
24%
Burkina Faso 1.07 mil Bobo-Dioulasso
21%
China 2.17 mil Baotou
19%
Indonesia 1.40 mil Bandar Lampung
16%
India 2.07 mil Bhubaneswar
16%
China 2.15 mil Baoding
15%
Indonesia 1.23 mil Batam
14%
D.R. Congo 1.06 mil Bukavu
14%
India 1.47 mil Bareilly
11%
China 1.94 mil Bengbu
10%
China 1.19 mil Baoji
9%
China 1.05 mil Beihai
5%
No matching quizzes found
Score Distribution
Percent of People with Each Score
Percentile by Number Answered
Your Score History
You have not taken this quiz since the last reset